| 000 | 00726nam a2200265Ia 4500 | ||
|---|---|---|---|
| 001 | 54159 | ||
| 005 | 20240114005412.0 | ||
| 007 | ta | ||
| 008 | 110524s2007 g b000 u 465 u | ||
| 020 | _a81-7233-467-2 | ||
| 040 | _aCotton College,Assam | ||
| 041 | _a465 | ||
| 082 |
_a660.6 _bDw 969 Bi |
||
| 100 | _aDwivedi, Padmanabh . | ||
| 245 | 0 |
_aBiodiversity and Environmental Biotechnology / _cPadmanabh Dwivedi. _hTextual Documents |
|
| 250 | _aIst ed. / | ||
| 260 |
_aJodhpur : _bScientific Publishers(India) , _c2007. |
||
| 300 |
_a563pg ; _c23cm. |
||
| 653 | _aBiodiversity | ||
| 653 | _aBiotechnology | ||
| 653 | _aG- Biotechnology | ||
| 942 |
_2ddc _cBK |
||
| 999 |
_c54122 _d54122 |
||